000 00684nam a2200277Ia 4500
005 20260324150242.0
008 008 260324s9999 xx 000 0 eng d
020 _a9780203706138
037 _aEBOOK
040 _aCRL
040 _beng
040 _cCRL
041 _2eng
041 _aeng
084 _qCRL
100 _aVivian Vale
_91225787
245 0 _aLabour in American Politics (Routledge Library Editions: Political Science Volume 3)
260 _bTaylor and Francis
260 _c1971
365 _a
365 _b230
856 _uhttp://www.taylorfrancis.com/books/9780203706138
942 _cEBOOK
999 _c1834912
_d1834912